LEADER 01063nam a2200265 a 4500 001 000000113584 003 CaOOAMICUS 005 20081021110841.0 008 081021s2007 it u000 u ita r 040 $aPUL$bita$dLDB 245 00$aMorte, fine o passaggio ? /$cMassimo Cacciari ... [et al.] ; a cura di Ivano Dionigi. 246 34$aMors finis an transitus 260 $aMilano :$bBUR,$c2007. 300 $a146 p. ;$c20 cm. 490 1 $aSaggi 650 4$aMorte.$0(OLS)http://pul/subject/4246 700 1 $aDionigi, Ivano.$0(OLS)http://pul/name/68490 700 1 $aCacciari, Massimo,$d1944-$0(OLS)http://pul/name/31076 830 0$aSaggi (BUR).$0(OLS)http://pul/title/142716 850 $aPUL 852 $aPUL$W1$xSL Filosofia 3$y81$m155 DIOIV 1$j129779$qDDC 21$B128835$CPULBib$Z2$F128835 $H108441 $82 941 1 $a9 996 $6245$aMorte, fine o passaggio ?$9(OLS)http://pul/title/142715 996 $6246$aMors finis an transitus$9(OLS)http://pul/title/142717 996 $6260$aMilano :$bBUR$9(OLS)http://pul/publisher/70068 LEADER 01523nam a2200313 a 4500 001 000000170351 003 CaOOAMICUS 005 20181107143120.0 008 181107s1989 it u000 u ita r 020 $z88-07-09016-3* 032 $aLibriCat 040 $aPUL$bita 041 $aita$heng 100 1 $aMeade, James Edward.$0(OLS)http://pul/name/109596 240 10$aAgathotopia : $bthe economics of partnership.$lItaliano.$0(OLS)http://pul/title/211103 245 10$aAgathotopia : $bl'economia della partnership : un saggio per quest'epoca dedicato ai capitalisti e ai socialisti che cercano di ottenere il meglio da entrambi i mondi / $cJames E. Meade ; presentazione di Edwin Morley-Fletcher . 260 $aMilano :$bFeltrinelli,$c1989. 300 $aXXVII, 147 p. ; $c20 cm. 490 1 $aIdee 650 4$aEconomia$xStudi.$0(OLS)http://pul/subject/19077 700 1 $aMorley-Fletcher, Edwin.$0(OLS)http://pul/name/109597 830 0$aIdee/Feltrinelli.$0(OLS)http://pul/title/75892 850 $aPUL 852 $aPUL$W1$xDP1 Fondo De Girolamo$y124$m1 A 48$j41553$qFondi$B198629$CPULBib$Z2$F198629 $81 941 1 $a1 996 $6020$z88-07-09016-3*$9(OLS)http://pul/number/165216 996 $6245$aAgathotopia : $bl'economia della partnership : un saggio per quest'epoca dedicato ai capitalisti e ai socialisti che cercano di ottenere il meglio da entrambi i mondi / $9(OLS)http://pul/title/211102 996 $6260$aMilano :$bFeltrinelli$9(OLS)http://pul/publisher/48846